LEADER 01048nam a2200253 i 4500 001 991000147859707536 008 051912s2005 ne mm 000 0 eng d 020 $a9076078858 035 $ab1381963x-39ule_inst 082 0 $a343.0526$222 100 1 $aBarenfeld, Jesper$0629845 245 10$aTaxation of cross-border partnerships :$bdouble tax relief in hybrid and reverse hybrid situations : thesis submitted to Jonkoping international business school .... 2005 /$cJesper Barenfeld 260 $aAmsterdam :$bIBFD,$cc2005 300 $axxii, 405 p. ;$c24 cm 440 0$aDoctoral series ;$v9 504 $aContiene bibliografia: p. 377-405 650 4$aTributi$xLegislazione 830 0$aDoctoral series ;$v9 907 $a.b1381963x$b28-01-14$c27-03-09 912 $a991000147859707536 945 $aLE027 343.05 BAR01.01$g1$i2027000219025$lle027$og$pE20.00$q-$rl$s- $t0$u0$v0$w0$x0$y.i14946750$z27-03-09 996 $aTaxation of cross-border partnerships$91225446 997 $aUNISALENTO 998 $ale027$b27-03-09$cm$da $e-$feng$gne $h0$i0